[Event "SR 2. liga A 2016/2017"]
[Site "?"]
[Date "2016.11.06"]
[Round "4.1"]
[White "Puchart, Vladimir"]
[Black "Krajnak, Robert"]
[Result "1-0"]
[WhiteElo "2061"]
[BlackElo "2068"]
[PlyCount "59"]
[EventDate "2016.??.??"]

1. d4 Nf6 2. c4 e6 3. g3 c5 4. d5 exd5 5. cxd5 b5 6. Bg2 d6 7. e4 Nfd7 8. Nf3
Be7 9. O-O O-O 10. Bf4 Qb6 11. e5 Na6 12. Nc3 Rb8 13. Ne4 Re8 14. Re1 Bb7 15.
exd6 Bf8 16. Bh3 Rxe4 17. Rxe4 Nf6 18. Re1 Bxd6 19. Qd2 Nb4 20. Rad1 Bxf4 21.
Qxf4 Bxd5 22. a3 Nc2 23. Re7 a5 24. Bg2 Bxf3 25. Qxf3 Nd4 26. Qf4 b4 27. Qc7
Qxc7 28. Rxc7 bxa3 29. bxa3 Nb5 30. Rb7 1-0

[Event "SR 2. liga A 2016/2017"]
[Site "?"]
[Date "2016.11.06"]
[Round "4.1"]
[White "Machalec, Vladimir"]
[Black "Kolenak, Matus"]
[Result "0-1"]
[WhiteElo "1886"]
[BlackElo "1988"]
[PlyCount "62"]
[EventDate "2016.??.??"]

1. c4 e5 2. Nc3 Nf6 3. g3 Bc5 4. Bg2 O-O 5. Nf3 d6 6. d4 exd4 7. Nxd4 Nbd7 8.
O-O Ne5 9. b3 c6 10. Bb2 a5 11. Na4 Ba7 12. Rc1 Re8 13. h3 Qe7 14. Kh2 d5 15.
cxd5 Nxd5 16. e4 Nb4 17. Ba3 Rd8 18. Bxb4 axb4 19. Nxc6 bxc6 20. Qc2 Ba6 21.
Rfd1 Bd3 22. Qd2 Bb5 23. Qc2 Nd3 24. Rb1 Nxf2 25. Rxd8+ Rxd8 26. Nb2 h5 27. Nc4
h4 28. g4 Qc7+ 29. e5 Bxc4 30. bxc4 Qxe5+ 31. Kg1 Nxg4+ 0-1

[Event "SR 2. liga A 2016/2017"]
[Site "?"]
[Date "2016.11.06"]
[Round "4.2"]
[White "Londin, Martin"]
[Black "Bednar, Jan"]
[Result "0-1"]
[WhiteElo "1912"]
[BlackElo "2062"]
[PlyCount "108"]
[EventDate "2016.??.??"]

1. e4 c5 2. Nf3 Nc6 3. d4 cxd4 4. Nxd4 g6 5. Nc3 Bg7 6. Be3 d6 7. g3 Nf6 8. Bg2
Bd7 9. O-O O-O 10. Qd2 Ng4 11. Nxc6 bxc6 12. f4 Nxe3 13. Qxe3 Qb6 14. Qxb6 axb6
15. Rf3 Ra5 16. a3 b5 17. Re1 Rb8 18. h3 Kf8 19. Rd3 b4 20. axb4 Rxb4 21. b3
Rd4 22. Red1 Rxd3 23. Rxd3 Rc5 24. e5 Bf5 25. Be4 Rxc3 26. Bxf5 Rxd3 27. Bxd3
dxe5 28. fxe5 Bxe5 29. Kf2 c5 30. g4 e6 31. Ke3 f5 32. Be2 Ke7 33. Kd3 Bd6 34.
c3 Kf6 35. Ke3 Kg5 36. Kf3 e5 37. b4 e4+ 38. Ke3 cxb4 39. cxb4 Bxb4 40. gxf5
gxf5 41. h4+ Kf6 42. Bd1 Ke5 43. h5 h6 44. Kf2 Be7 45. Ba4 Bh4+ 46. Kg2 Kd4 47.
Bd7 f4 48. Kf1 f3 49. Bc6 Ke3 50. Bb7 Kf4 51. Bc6 e3 52. Bb5 Ke5 53. Ba6 Kd4
54. Bb5 Kc3 0-1

[Event "SR 2. liga A 2016/2017"]
[Site "?"]
[Date "2016.11.06"]
[Round "4.2"]
[White "Macka, Oto"]
[Black "Harastova, Viera"]
[Result "1/2-1/2"]
[WhiteElo "2062"]
[BlackElo "1871"]
[PlyCount "43"]
[EventDate "2016.??.??"]

1. e4 e5 2. Nf3 Nc6 3. Bc4 Be7 4. O-O Nf6 5. Re1 O-O 6. c3 d6 7. h3 Be6 8. Bxe6
fxe6 9. Qb3 Qc8 10. d4 Kh8 11. dxe5 Nxe5 12. Nxe5 dxe5 13. Qc4 Nh5 14. g3 Qd7
15. Be3 Rf6 16. Nd2 Raf8 17. Rad1 Bd6 18. Nf1 Qf7 19. Qe2 Qg6 20. Qg4 Qf7 21.
Qe2 Qg6 22. Qg4 1/2-1/2

[Event "SR 2. liga A 2016/2017"]
[Site "?"]
[Date "2016.11.06"]
[Round "4.2"]
[White "Vepy, Ivan"]
[Black "Vrtiakova, Anna"]
[Result "0-1"]
[WhiteElo "1907"]
[BlackElo "1939"]
[PlyCount "110"]
[EventDate "2016.??.??"]

1. e4 c5 2. Nf3 d6 3. Nc3 Nf6 4. Be2 a6 5. O-O e6 6. e5 dxe5 7. Nxe5 Qc7 8. f4
Bd6 9. d3 Bxe5 10. fxe5 Qxe5 11. Kh1 O-O 12. Bf4 Qd4 13. Qd2 e5 14. Be3 Qd6 15.
Bf3 Nbd7 16. Qf2 Rb8 17. Qh4 Re8 18. Rf2 b5 19. Raf1 Nf8 20. Bg5 Ng6 21. Qg3 b4
22. Bxf6 bxc3 23. bxc3 Qxf6 24. Bd5 Nf4 25. h3 Qd6 26. Bb3 Be6 27. Bxe6 Rxe6
28. Qe3 f6 29. Re1 Nd5 30. Qd2 Qc7 31. d4 cxd4 32. cxd4 Nb6 33. Qa5 Qd6 34.
Qxa6 Qxd4 35. Rff1 Qc4 36. Qa7 Ra8 37. Qb7 Rxa2 38. Rd1 Ra8 39. Rb1 Qc6 40.
Rxb6 Qxb7 41. Rxb7 e4 42. Re1 Rae8 43. Re2 R8e7 44. Rb4 f5 45. Kh2 Re5 46. Kg3
g5 47. h4 h6 48. hxg5 hxg5 49. c4 Kg7 50. Rc2 Rc7 51. Rcb2 Rec5 52. Rb5 Kg6 53.
Rxc5 Rxc5 54. Rb6+ Kh5 55. Rb5 f4+ 0-1

[Event "SR 2. liga A 2016/2017"]
[Site "?"]
[Date "2016.11.06"]
[Round "4.2"]
[White "Goga, Frantisek"]
[Black "Vogl, Zdenek"]
[Result "1/2-1/2"]
[WhiteElo "2014"]
[BlackElo "1934"]
[PlyCount "155"]
[EventDate "2016.??.??"]

1. e4 e5 2. Nf3 Nc6 3. d4 exd4 4. Bc4 Be7 5. O-O d6 6. Nxd4 Nxd4 7. Qxd4 Bf6 8.
Qd3 Ne7 9. Nc3 O-O 10. Qg3 Be6 11. Bd3 Nc6 12. f4 Nb4 13. f5 Nxd3 14. cxd3 Bd7
15. Nd5 Be5 16. Qf3 c6 17. Nf4 f6 18. Kh1 Qe7 19. Ne2 c5 20. Bd2 Bc6 21. Rab1
Rad8 22. b4 b6 23. b5 Ba8 24. Bf4 d5 25. Rbd1 Rfe8 26. Rfe1 dxe4 27. dxe4 Bd4
28. Ng3 Qf7 29. a4 g6 30. h4 Qe7 31. fxg6 hxg6 32. Qg4 Kf7 33. h5 Rh8 34. Qxg6+
Kf8 35. Bh6+ Rxh6 36. Qxh6+ Qg7 37. Qxg7+ Kxg7 38. Nf5+ Kf7 39. Rd3 Ke6 40. Rg3
Bf2 41. Re2 Bxg3 42. Nxg3 Ke5 43. Kg1 Kf4 44. Kf2 Bb7 45. h6 Kg5 46. h7 Rh8 47.
e5 Rxh7 48. exf6 Kxf6 49. Ne4+ Kg6 50. Nc3 Rf7+ 51. Kg3 Rd7 52. Re3 Kf5 53. Ne2
Rg7+ 54. Kh4 Bxg2 55. Re8 Rg4+ 56. Kh5 Rxa4 57. Rf8+ Ke5 58. Re8+ Kd6 59. Kg5
Re4 60. Rxe4 Bxe4 61. Kf4 Bd3 62. Nc3 a6 63. bxa6 Bxa6 64. Ke3 b5 65. Kd2 b4
66. Nd1 Ke5 67. Kc2 Kd4 68. Kb3 Bc8 69. Ka4 Bd7+ 70. Kb3 Be6+ 71. Ka4 b3 72.
Ka3 Kd3 73. Kb2 c4 74. Nc3 Bg4 75. Na4 Bh5 76. Nc3 Be8 77. Nb1 Bg6 78. Nc3
1/2-1/2

[Event "SR 2. liga A 2016/2017"]
[Site "?"]
[Date "2016.11.06"]
[Round "4.2"]
[White "Hrubsa, Marian"]
[Black "Novak, Stanislav"]
[Result "1-0"]
[WhiteElo "1836"]
[BlackElo "1964"]
[PlyCount "51"]
[EventDate "2016.??.??"]

1. e4 c5 2. Nf3 d6 3. d4 cxd4 4. Nxd4 Nf6 5. Nc3 a6 6. Be2 g6 7. Be3 Bg7 8. O-O
O-O 9. f4 Nc6 10. Nxc6 bxc6 11. f5 Nd7 12. Qd2 Ne5 13. Bh6 Bb7 14. a4 a5 15.
Ra3 Ba6 16. Bxa6 Rxa6 17. Bxg7 Kxg7 18. Ne2 Qb6+ 19. Kh1 Kg8 20. Rh3 Ng4 21.
Qf4 h5 22. fxg6 Qc5 23. gxf7+ Kg7 24. Rg3 Qe5 25. Rxg4+ hxg4 26. Qxg4+ 1-0

[Event "SR 2. liga A 2016/2017"]
[Site "?"]
[Date "2016.11.06"]
[Round "4.2"]
[White "Raczko, Peter"]
[Black "Planka, Peter"]
[Result "1-0"]
[WhiteElo "1915"]
[BlackElo "1786"]
[PlyCount "79"]
[EventDate "2016.??.??"]

1. e4 e5 2. Nf3 Nc6 3. d4 exd4 4. Nxd4 Bc5 5. Be3 Qf6 6. c3 Nxd4 7. Bxd4 Bxd4
8. cxd4 Ne7 9. Nc3 O-O 10. g3 c6 11. Bg2 d6 12. O-O Qh6 13. Re1 Bh3 14. f4 Bxg2
15. Kxg2 Qe6 16. Qe2 Rfe8 17. Rad1 Rad8 18. Qf2 a6 19. Re2 f6 20. Rde1 Qf7 21.
b3 Qh5 22. Nb1 Qa5 23. Qf3 Rd7 24. a3 Red8 25. b4 Qc7 26. Nd2 Nc8 27. Qb3+ Kf8
28. Nf3 Ne7 29. Rc2 d5 30. e5 Re8 31. Qd3 Kg8 32. Rce2 Qc8 33. exf6 gxf6 34.
Re6 Kg7 35. Nh4 Qd8 36. Qe2 Kh6 37. Rxf6+ Ng6 38. Qxe8 Qxf6 39. Qxd7 Qxd4 40.
Nf5+ 1-0

[Event "SR 2. liga A 2016/2017"]
[Site "?"]
[Date "2016.11.06"]
[Round "4.2"]
[White "Jarabek, Milan"]
[Black "Henc, Marian"]
[Result "0-1"]
[WhiteElo "1705"]
[BlackElo "1884"]
[PlyCount "72"]
[EventDate "2016.??.??"]

1. e4 d6 2. d4 g6 3. Nc3 Bg7 4. Be3 Nf6 5. Bc4 c6 6. Bb3 b5 7. e5 dxe5 8. dxe5
Qxd1+ 9. Rxd1 Ng4 10. Nxb5 Na6 11. Nd4 Nxe5 12. c3 Bb7 13. Ngf3 O-O 14. O-O Ng4
15. Nc2 e6 16. Rd7 Nxe3 17. Nxe3 Nc5 18. Rdd1 a5 19. Nc4 Ba6 20. Rfe1 a4 21.
Nb6 axb3 22. Nxa8 Rxa8 23. axb3 Nxb3 24. Rd7 Bc4 25. h3 Rb8 26. Ne5 Bxe5 27.
Rxe5 Bd5 28. Re2 Nc5 29. Ra7 Nd3 30. b4 Nf4 31. Rb2 Bxg2 32. c4 Bxh3 33. b5
cxb5 34. cxb5 Nd5 35. Ra6 Bf5 36. Rb3 Bc2 0-1

[Event "SR 2. liga A 2016/2017"]
[Site "?"]
[Date "2016.11.06"]
[Round "4.2"]
[White "Halasz, Michal"]
[Black "Bartos, Bohumil"]
[Result "1-0"]
[WhiteElo "1673"]
[BlackElo "1686"]
[PlyCount "49"]
[EventDate "2016.??.??"]

1. d4 Nf6 2. c4 d6 3. Nc3 Nbd7 4. e4 e5 5. d5 Be7 6. Nf3 O-O 7. Be2 Re8 8. O-O
Bf8 9. h3 h6 10. Be3 a6 11. Qd2 Qe7 12. b4 b6 13. a4 Bb7 14. Rab1 a5 15. b5 Nh7
16. Bd3 Ndf6 17. Ne2 Bc8 18. Ng3 Bd7 19. Kh2 Qd8 20. Rbc1 Qc8 21. Nh4 g5 22.
Nhf5 Bxf5 23. Nxf5 Nh5 24. Qd1 Ng7 25. Nxh6+ 1-0

[Event "SR 2. liga A 2016/2017"]
[Site "?"]
[Date "2016.11.06"]
[Round "4.3"]
[White "Macko, Miroslav"]
[Black "Karas, Marek"]
[Result "1/2-1/2"]
[WhiteElo "2169"]
[BlackElo "2217"]
[PlyCount "99"]
[EventDate "2016.??.??"]

1. e4 b6 2. d4 Bb7 3. Nc3 e6 4. Bd3 Nf6 5. Nf3 Bb4 6. Qe2 d5 7. exd5 Nxd5 8.
Bd2 Nxc3 9. bxc3 Bd6 10. O-O Nd7 11. Ng5 Nf6 12. f4 Qe7 13. Rae1 h6 14. Nf3
O-O-O 15. Ba6 c5 16. a4 Bxa6 17. Qxa6+ Qb7 18. Qe2 Nd5 19. Ne5 Rhe8 20. a5 Re7
21. axb6 Nxb6 22. Rb1 Bxe5 23. dxe5 Rc7 24. Be3 Kb8 25. Qf2 Qc6 26. c4 Ka8 27.
Rb5 Nxc4 28. Rxc5 Qb7 29. Rxc7 Qxc7 30. Bd4 Nb6 31. Ra1 Kb7 32. h3 Rc8 33. Qf3+
Kb8 34. Qa3 Qb7 35. Bc5 Rc6 36. c4 Ka8 37. Kh2 Nxc4 38. Qxa7+ Qxa7 39. Rxa7+
Kb8 40. Rxf7 Rxc5 41. Rxg7 Ne3 42. g4 Nd5 43. f5 exf5 44. gxf5 Kc8 45. f6 Nc7
46. f7 Ne6 47. Rg6 Nf8 48. Rg8 Kd7 49. Rxf8 Ke7 50. Rh8 1/2-1/2

[Event "SR 2. liga A 2016/2017"]
[Site "?"]
[Date "2016.11.06"]
[Round "4.3"]
[White "Jozefek, Michal"]
[Black "Bronis, Marian"]
[Result "1-0"]
[WhiteElo "2193"]
[BlackElo "2117"]
[PlyCount "65"]
[EventDate "2016.??.??"]

1. d4 c5 2. d5 Nf6 3. c4 b5 4. cxb5 a6 5. bxa6 Bxa6 6. Nc3 d6 7. e4 Bxf1 8.
Kxf1 g6 9. Nf3 Bg7 10. g3 O-O 11. Kg2 Nbd7 12. Qe2 Qb6 13. Nd2 Rfb8 14. b3 e6
15. Nc4 Qa6 16. Bd2 exd5 17. exd5 Re8 18. Qf3 Ne5 19. Nxe5 Rxe5 20. Bf4 Rf5 21.
Ne4 Nxd5 22. Nxd6 Nxf4+ 23. gxf4 Rh5 24. Rae1 Rd8 25. Re8+ Rxe8 26. Nxe8 Qxa2
27. Re1 Bd4 28. Nd6 Qa6 29. Re8+ Kg7 30. Rd8 Qa2 31. h3 Bf6 32. Ne8+ Kf8 33.
Ra8 1-0

[Event "SR 2. liga A 2016/2017"]
[Site "?"]
[Date "2016.11.06"]
[Round "4.3"]
[White "Sukuba, Zdeno"]
[Black "Spacek, Oliver"]
[Result "1-0"]
[WhiteElo "2143"]
[BlackElo "2081"]
[PlyCount "143"]
[EventDate "2016.??.??"]

1. c4 g6 2. Nc3 Bg7 3. g3 e5 4. Bg2 Ne7 5. d3 O-O 6. Nf3 c6 7. d4 d6 8. dxe5
dxe5 9. Qc2 f5 10. O-O h6 11. Be3 Nd7 12. Rad1 Qc7 13. b4 g5 14. c5 Nf6 15. Rd6
f4 16. Bc1 Nf5 17. Rfd1 Ne8 18. Ne4 g4 19. Ne1 fxg3 20. hxg3 Nexd6 21. cxd6 Qf7
22. Bb2 Be6 23. b5 Bxa2 24. Nc5 Nd4 25. Bxd4 exd4 26. Ned3 b6 27. bxc6 bxc5 28.
Qxc5 Rae8 29. c7 Be6 30. Nf4 Kh8 31. Rf1 Bd7 32. Bc6 Re5 33. Qc2 Bc8 34. Qa4
Rc5 35. d7 Bxd7 36. Bxd7 Rxc7 37. Bxg4 Qe8 38. Qb3 Rc3 39. Qd5 Qf7 40. Qe4 Re8
41. Be6 Rxe6 42. Nxe6 Qf6 43. Rb1 Qe5 44. Qg6 Rc8 45. Qxg7+ Qxg7 46. Nxg7 Kxg7
47. Rb7+ Kf6 48. Rxa7 Rc2 49. Kf1 Rc4 50. Ra6+ Kg5 51. Rd6 h5 52. Rd5+ Kg6 53.
Kg2 Rc2 54. Kf3 Rd2 55. Rd8 Kg5 56. Re8 Kf5 57. Re4 Kg5 58. Re5+ Kg6 59. Rd5
Kh6 60. Re5 Kg6 61. Kg2 Rb2 62. f4 d3 63. Kf3 d2 64. Rd5 Ra2 65. e4 Rb2 66.
Rd6+ Kf7 67. f5 Ke7 68. Rd4 Ra2 69. Kf4 Kf7 70. Rd7+ Ke8 71. Rd3 Kf7 72. Ke3
1-0

[Event "SR 2. liga A 2016/2017"]
[Site "?"]
[Date "2016.11.06"]
[Round "4.3"]
[White "Hecko, Dusan"]
[Black "Biro, Karol"]
[Result "1-0"]
[WhiteElo "2050"]
[BlackElo "2087"]
[PlyCount "141"]
[EventDate "2016.??.??"]

1. c4 e5 2. Nc3 Nc6 3. Nf3 Nf6 4. g3 d5 5. cxd5 Nxd5 6. d3 Be7 7. Bg2 Be6 8.
Bd2 O-O 9. O-O f6 10. a3 Nxc3 11. Bxc3 Nd4 12. Nxd4 exd4 13. Bd2 c6 14. b4 Qd7
15. Re1 Rfe8 16. Bc1 Bf8 17. Bb2 a5 18. Qd2 a4 19. Rac1 Bf7 20. Qf4 Rad8 21.
Be4 Be6 22. Bf3 Bb3 23. h4 Qd6 24. Qxd6 Bxd6 25. Kf1 Bb8 26. b5 cxb5 27. Bxb7
Bd5 28. Bc6 Bxc6 29. Rxc6 Rd5 30. Rec1 Kf7 31. Ke1 Bd6 32. Kd1 Rb8 33. Rc8 Rb7
34. Ra8 h5 35. Rc6 Ke6 36. Rcc8 Kf5 37. Rd8 Kg4 38. Bc1 Kf5 39. Ra6 Ke6 40. Bf4
Rd7 41. Rxd7 Kxd7 42. Bxd6 Rxd6 43. Ra7+ Ke6 44. Rxg7 Rc6 45. Rb7 Rc5 46. Kd2
Rc3 47. Rxb5 Rxa3 48. f3 Ra2+ 49. Ke1 a3 50. Rxh5 f5 51. Rh6+ Kd5 52. Ra6 Kc5
53. h5 Kb5 54. Ra8 Ra1+ 55. Kf2 a2 56. h6 Rh1 57. Rxa2 Rxh6 58. Rc2 Rh2+ 59.
Kg1 Rh6 60. Rc4 Rd6 61. Kf2 Rd7 62. f4 Rd8 63. Kf3 Rd7 64. g4 fxg4+ 65. Kxg4
Rg7+ 66. Kf3 Rd7 67. f5 Rd8 68. Kf4 Re8 69. Rc2 Rf8 70. Ke5 Kb6 71. f6 1-0

[Event "SR 2. liga A 2016/2017"]
[Site "?"]
[Date "2016.11.06"]
[Round "4.3"]
[White "Janos, Ivan"]
[Black "Nemeckay, Rastislav"]
[Result "1-0"]
[WhiteElo "2008"]
[BlackElo "2008"]
[PlyCount "57"]
[EventDate "2016.??.??"]

1. e4 e5 2. Nf3 Nc6 3. Bb5 a6 4. Bxc6 dxc6 5. d3 Bd6 6. h3 c5 7. Be3 Nf6 8.
Nbd2 Qe7 9. Qe2 h6 10. Nf1 Be6 11. Ng3 O-O-O 12. a3 Nd7 13. Nd2 g6 14. O-O-O f5
15. exf5 gxf5 16. Nc4 f4 17. Nxd6+ cxd6 18. Bxf4 exf4 19. Nf5 Qf6 20. Nxd6+ Kc7
21. Ne4 Qe5 22. Qd2 b6 23. Rhe1 Rhe8 24. Re2 Qf5 25. Rde1 Bf7 26. g4 fxg3 27.
fxg3 Nf6 28. Rf2 Nxe4 29. Rxf5 1-0

[Event "SR 2. liga A 2016/2017"]
[Site "?"]
[Date "2016.11.06"]
[Round "4.3"]
[White "Pericka, Tomas"]
[Black "Petreje, Juraj"]
[Result "1-0"]
[WhiteElo "1996"]
[BlackElo "2004"]
[PlyCount "63"]
[EventDate "2016.??.??"]

1. e4 d6 2. d4 Nf6 3. Nc3 g6 4. f3 Bg7 5. Be3 c6 6. Qd2 h6 7. a4 Nbd7 8. Rd1 a6
9. e5 Ng8 10. e6 fxe6 11. Bd3 Kf7 12. Nh3 e5 13. Ne4 Nf8 14. dxe5 Bxe5 15. Nf4
Nf6 16. O-O d5 17. Ng3 Qc7 18. Nfe2 Kg7 19. f4 Bd6 20. f5 g5 21. c4 dxc4 22.
Bxc4 b5 23. Ba2 c5 24. Bxg5 c4 25. Bxf6+ Kxf6 26. Nh5+ Kf7 27. Qd5+ Ke8 28.
Ng7+ Kd7 29. Qxa8 Rg8 30. f6 Qb6+ 31. Kh1 Ng6 32. Qd5 1-0

[Event "SR 2. liga A 2016/2017"]
[Site "?"]
[Date "2016.11.06"]
[Round "4.3"]
[White "Mandak, Miroslav"]
[Black "Ocko, Martin"]
[Result "1/2-1/2"]
[WhiteElo "1999"]
[BlackElo "1870"]
[PlyCount "72"]
[EventDate "2016.??.??"]

1. Nf3 Nf6 2. c4 g6 3. Nc3 c5 4. g3 Bg7 5. Bg2 O-O 6. O-O d5 7. cxd5 Nxd5 8.
Qb3 Nb6 9. d3 Na6 10. a3 Nc7 11. Bd2 Ne6 12. Rac1 Nd4 13. Nxd4 cxd4 14. Ne4 Be6
15. Qd1 Bd5 16. Ba5 f5 17. Bxb6 axb6 18. Nd2 Bxg2 19. Kxg2 Qd5+ 20. Kg1 Bh6 21.
f4 Rac8 22. Qb3 Qxb3 23. Nxb3 Bg7 24. Kf2 e5 25. Rxc8 Rxc8 26. Rc1 Rxc1 27.
Nxc1 e4 28. Ke1 Kf7 29. Nb3 Ke6 30. Nd2 Kd5 31. Kd1 b5 32. b4 Bh6 33. h4 Bf8
34. Ke1 Be7 35. Kf1 h6 36. Kg2 b6 1/2-1/2

[Event "SR 2. liga A 2016/2017"]
[Site "?"]
[Date "2016.11.06"]
[Round "4.3"]
[White "Sobek, Michal"]
[Black "Kebis, Milos"]
[Result "1-0"]
[WhiteElo "1805"]
[BlackElo "1984"]
[PlyCount "113"]
[EventDate "2016.??.??"]

1. e4 e5 2. Nf3 Nc6 3. Bb5 Nf6 4. d3 d6 5. O-O Be7 6. Re1 O-O 7. c3 a6 8. Ba4
b5 9. Bc2 Bg4 10. Nbd2 Re8 11. Nf1 h6 12. Ng3 Bf8 13. h3 Be6 14. d4 Bd7 15. Nh4
exd4 16. cxd4 Nxe4 17. Rxe4 Rxe4 18. Bxe4 Qxh4 19. Qf3 Nxd4 20. Bh7+ Kxh7 21.
Qxa8 Kg8 22. Bd2 Qf6 23. Bc3 Qh4 24. Qxa6 Ne6 25. Qb7 Qg5 26. Re1 h5 27. Ne4
Qg6 28. Qd5 c6 29. Qd2 d5 30. Ng3 h4 31. Ne2 Bd6 32. Bb4 Bc7 33. Kh1 Qf5 34.
Nd4 Qg6 35. Nxe6 Bxe6 36. Qe3 Qf5 37. Bd2 Bd8 38. Kg1 Be7 39. Qb6 Qd3 40. Bc3
Qg6 41. Qxc6 Qg5 42. Re3 b4 43. Be5 Kh7 44. a4 Qh5 45. Qc2+ Bf5 46. Qe2 Qg6 47.
Bd4 Bd6 48. a5 Bf4 49. Rb3 Be4 50. Qg4 Qh6 51. a6 f5 52. Qxg7+ Qxg7 53. Bxg7
Kxg7 54. f3 Bd6 55. fxe4 Bc5+ 56. Kf1 fxe4 57. Rxb4 1-0

[Event "SR 2. liga A 2016/2017"]
[Site "?"]
[Date "2016.11.06"]
[Round "4.4"]
[White "Sosovicka, Juraj"]
[Black "Jablonicky, Martin"]
[Result "1/2-1/2"]
[WhiteElo "2181"]
[BlackElo "2262"]
[PlyCount "47"]
[EventDate "2016.??.??"]

1. e4 g6 2. d4 Bg7 3. Nc3 d6 4. Be3 a6 5. a4 Nf6 6. h3 O-O 7. g3 e5 8. Nge2 Nc6
9. Bg2 exd4 10. Nxd4 Bd7 11. O-O Re8 12. Re1 Rb8 13. Nxc6 Bxc6 14. Ba7 Ra8 15.
Bd4 Nd7 16. Bxg7 Kxg7 17. Qd4+ Qf6 18. Rad1 Qxd4 19. Rxd4 a5 20. Bf1 Re7 21.
Bb5 f5 22. Red1 fxe4 23. Bxc6 bxc6 24. Rxe4 1/2-1/2

[Event "SR 2. liga A 2016/2017"]
[Site "?"]
[Date "2016.11.06"]
[Round "4.4"]
[White "Balogh, Tomas"]
[Black "Duben, Igor"]
[Result "1-0"]
[WhiteElo "2326"]
[BlackElo "2221"]
[PlyCount "61"]
[EventDate "2016.??.??"]

1. d4 e6 2. Nf3 d5 3. c4 Nf6 4. Nc3 Be7 5. Bg5 O-O 6. e3 Nbd7 7. cxd5 exd5 8.
Bd3 c6 9. Qc2 Re8 10. O-O h6 11. Bf4 Nf8 12. Rab1 Ne6 13. Be5 Bd6 14. Bxd6 Qxd6
15. Ne5 c5 16. Nb5 Qb8 17. Nxf7 Kxf7 18. Bg6+ Kf8 19. Bxe8 Nxe8 20. dxc5 Qe5
21. Qc3 Qh5 22. c6 b6 23. c7 Bd7 24. Nxa7 Rxa7 25. c8=Q Bxc8 26. Qxc8 Ng5 27.
Rbd1 Rxa2 28. Qf5+ Qf7 29. Rxd5 Rxb2 30. Qd3 Ne6 31. Qa3+ 1-0

[Event "SR 2. liga A 2016/2017"]
[Site "?"]
[Date "2016.11.06"]
[Round "4.4"]
[White "Sosovicka, Matej"]
[Black "Danada, Tomas"]
[Result "1/2-1/2"]
[WhiteElo "2190"]
[BlackElo "2244"]
[PlyCount "80"]
[EventDate "2016.??.??"]

1. e4 g6 2. d4 Bg7 3. h4 c5 4. dxc5 Qa5+ 5. c3 Qxc5 6. Be3 Qc6 7. f3 Nf6 8. Na3
O-O 9. Ne2 d5 10. e5 Nfd7 11. Nd4 Qb6 12. f4 Nc6 13. Nab5 a6 14. Nc2 Qd8 15.
Nbd4 Nxd4 16. Nxd4 Nc5 17. h5 Ne4 18. Qf3 f6 19. e6 f5 20. hxg6 hxg6 21. Bd3
Rf6 22. g4 Nc5 23. Bxf5 gxf5 24. g5 Rxe6 25. Nxe6 Nxe6 26. O-O-O Qa5 27. Kb1
Qa4 28. Qxd5 Qe4+ 29. Qxe4 fxe4 30. f5 Nf8 31. Rd8 b5 32. f6 exf6 33. gxf6 Bxf6
34. Rg1+ Kf7 35. Rf1 Ke7 36. Rxf6 Kxf6 37. Rxf8+ Ke7 38. Bc5+ Ke6 39. Kc2 Bb7
40. Rxa8 Bxa8 1/2-1/2

[Event "SR 2. liga A 2016/2017"]
[Site "?"]
[Date "2016.11.06"]
[Round "4.4"]
[White "Slobodnik, Michal"]
[Black "Oprea, Erik"]
[Result "1-0"]
[WhiteElo "2075"]
[BlackElo "2188"]
[PlyCount "115"]
[EventDate "2016.??.??"]

1. d4 d6 2. Bf4 Nf6 3. e3 Bg4 4. Nf3 Nbd7 5. Be2 Bxf3 6. Bxf3 e5 7. Bg3 e4 8.
Be2 d5 9. c4 dxc4 10. Bxc4 Nb6 11. Bb3 Bd6 12. Nc3 Bxg3 13. hxg3 O-O 14. g4 h6
15. Qe2 c6 16. O-O-O Nbd5 17. Nxd5 Nxd5 18. Rh5 Nf6 19. Rh4 Re8 20. Rdh1 Nd5
21. Rh5 Kf8 22. g5 hxg5 23. Qg4 Nf6 24. Rh8+ Ke7 25. Rxe8+ Qxe8 26. Qxg5 Qg8
27. Rd1 Qh8 28. g4 Kf8 29. Qc5+ Kg8 30. g5 Nd5 31. g6 Qh5 32. Rg1 fxg6 33. Qd6
Rf8 34. Qe6+ Kh7 35. Rg3 Qh1+ 36. Bd1 Rxf2 37. Rh3+ Qxh3 38. Qxh3+ Kg8 39. Qe6+
Kf8 40. Qxe4 Rf1 41. Kd2 g5 42. Qg2 Rxd1+ 43. Ke2 Rc1 44. Qxg5 Rc2+ 45. Kf3
Rxb2 46. e4 Nf6 47. Qc5+ Kg8 48. Qxa7 Rb1 49. e5 Nd5 50. Qb8+ Kf7 51. Qd6 Rb2
52. Qd7+ Ne7 53. a4 Rb3+ 54. Ke4 g5 55. Qg4 Nd5 56. Qf5+ Ke8 57. Qxg5 Ra3 58.
Qg6+ 1-0

[Event "SR 2. liga A 2016/2017"]
[Site "?"]
[Date "2016.11.06"]
[Round "4.4"]
[White "Sosovicka, Jakub"]
[Black "Jablonicky, Frantisek"]
[Result "1/2-1/2"]
[WhiteElo "1976"]
[BlackElo "2114"]
[PlyCount "74"]
[EventDate "2016.??.??"]

1. e4 c5 2. Nf3 d6 3. d4 cxd4 4. Nxd4 Nf6 5. Nc3 a6 6. f4 e6 7. Qf3 Qc7 8. Be3
b5 9. a3 Bb7 10. g4 d5 11. e5 Ne4 12. Nxe4 dxe4 13. Qf2 Nd7 14. O-O-O Bc5 15.
Nb3 Bxe3+ 16. Qxe3 g5 17. Bg2 gxf4 18. Qxf4 Qxe5 19. Qxe5 Nxe5 20. Nc5 Bd5 21.
Nxe4 O-O-O 22. g5 Rhg8 23. Rhg1 Bxe4 24. Bxe4 Rxd1+ 25. Kxd1 h6 26. h4 f5 27.
Bh1 hxg5 28. Rxg5 Rh8 29. h5 Nf7 30. Rg7 Rxh5 31. Bf3 Rh3 32. Be2 Nd6 33. Re7
Ne4 34. c4 Rh1+ 35. Kc2 Rh2 36. Kd1 Ng5 37. cxb5 axb5 1/2-1/2

[Event "SR 2. liga A 2016/2017"]
[Site "?"]
[Date "2016.11.06"]
[Round "4.4"]
[White "Horecky, Peter"]
[Black "Kucera, Michal"]
[Result "1-0"]
[WhiteElo "2029"]
[BlackElo "1872"]
[PlyCount "61"]
[EventDate "2016.??.??"]

1. d4 Nf6 2. Nf3 d5 3. c4 e6 4. e3 Be7 5. b3 O-O 6. Bb2 b6 7. Bd3 Bb7 8. Nbd2
h6 9. O-O c5 10. Qe2 Nc6 11. a3 Rc8 12. Rfd1 cxd4 13. exd4 Bd6 14. Rac1 Qe7 15.
b4 dxc4 16. Nxc4 Bf4 17. Rc2 Nd5 18. g3 Bb8 19. b5 Na5 20. Nfe5 Nxc4 21. Bxc4
Bd6 22. a4 Nb4 23. Rcc1 Rfd8 24. Re1 Bd5 25. Bxd5 exd5 26. Qg4 Rxc1 27. Bxc1
Bxe5 28. Rxe5 Qd6 29. Ba3 a5 30. bxa6 Ra8 31. Re3 1-0

[Event "SR 2. liga A 2016/2017"]
[Site "?"]
[Date "2016.11.06"]
[Round "4.4"]
[White "Patzelt, Rastislav"]
[Black "Zigo, Rastislav"]
[Result "1/2-1/2"]
[WhiteElo "1809"]
[BlackElo "1998"]
[PlyCount "39"]
[EventDate "2016.??.??"]

1. e4 c5 2. Nf3 a6 3. d4 cxd4 4. Nxd4 Nc6 5. Nc3 d6 6. Be2 Nf6 7. O-O e6 8. Be3
Be7 9. f4 Qc7 10. Qd2 O-O 11. Bf3 Bd7 12. Rad1 Rad8 13. Qf2 Rb8 14. Qg3 Rfe8
15. Nxc6 bxc6 16. e5 dxe5 17. fxe5 Nd5 18. Bd4 Nxc3 19. Bxc3 c5 20. Rd2 1/2-1/2

[Event "SR 2. liga A 2016/2017"]
[Site "?"]
[Date "2016.11.06"]
[Round "4.4"]
[White "Lukacovic, Miroslav"]
[Black "Gzib, David"]
[Result "1/2-1/2"]
[WhiteElo "1987"]
[BlackElo "1709"]
[PlyCount "85"]
[EventDate "2016.??.??"]

1. d4 Nf6 2. c4 g6 3. Nc3 Bg7 4. e4 d6 5. Nge2 e5 6. d5 O-O 7. Bg5 h6 8. Bd2
Nbd7 9. Ng3 a5 10. Bd3 Nc5 11. Bc2 Bd7 12. O-O Ng4 13. h3 Nf6 14. Qc1 Kh7 15.
f4 Qc8 16. f5 h5 17. Bg5 Ng8 18. f6 Bh6 19. Bxh6 Nxh6 20. Qg5 c6 21. Nxh5 Bxh3
22. gxh3 Qxh3 23. Nf4 exf4 24. Qxf4 Nd3 25. Bxd3 Qxd3 26. Rf3 Qd4+ 27. Kg2 g5
28. Qg3 g4 29. Rf2 Rg8 30. Rd1 Qxc4 31. Qe3 Rg6 32. Rh1 g3 33. Rf5 Qc5 34. Qd2
Rag8 35. Nd1 Qb4 36. Qf4 Qc4 37. Nc3 Qb4 38. Qc1 Qd4 39. Rd1 Qc5 40. Rf3 Qb6
41. Rh1 Qd4 42. Qf4 Qb6 43. Qd2 1/2-1/2

[Event "SR 2. liga A 2016/2017"]
[Site "?"]
[Date "2016.11.06"]
[Round "4.5"]
[White "Jancovic, Peter"]
[Black "Farkas, Gabor"]
[Result "1/2-1/2"]
[WhiteElo "2211"]
[BlackElo "2383"]
[PlyCount "95"]
[EventDate "2016.??.??"]

1. d4 d5 2. c4 e6 3. Nc3 c6 4. e3 f5 5. f4 Nf6 6. Nf3 Be7 7. Be2 O-O 8. O-O b6
9. Ne5 Qc7 10. b3 Nbd7 11. cxd5 Nxe5 12. fxe5 Nxd5 13. Nxd5 cxd5 14. Bd2 a5 15.
Rc1 Qd7 16. a4 Ba6 17. Bxa6 Rxa6 18. Qc2 b5 19. Qc7 Qxc7 20. Rxc7 Bg5 21. axb5
Rb6 22. Rc5 Rfb8 23. Rc6 Rxb5 24. Rxe6 Rxb3 25. Rxf5 h6 26. h4 Bxh4 27. Bxa5
Ra8 28. Rb6 Rxe3 29. Rb5 Ra3 30. Bb4 Rb3 31. Ra5 Rxa5 32. Bxa5 g6 33. Rf3 Rxf3
34. gxf3 Kf7 35. Bd2 h5 36. Kg2 Ke6 37. Be3 Kf5 38. Kh3 Bd8 39. Kg2 g5 40. Kg3
Ba5 41. Kh3 Be1 42. Kg2 g4 43. fxg4+ Kxg4 44. Bc1 Bh4 45. Ba3 Kf5 46. Bc5 Bd8
47. Kh3 Bg5 48. Kg3 1/2-1/2